Traffic Engineering and Transport Planning (Record no. 5495)

000 -LEADER
fixed length control field 00275nam a2200109Ia 4500
008 - FIXED-LENGTH DATA ELEMENTS--GENERAL INFORMATION
fixed length control field 200302s9999 xx 000 0 und d
100 ## - MAIN ENTRY--PERSONAL NAME
Personal name L. R. Kadiyali
245 ## - TITLE STATEMENT
Title Traffic Engineering and Transport Planning
260 ## - PUBLICATION, DISTRIBUTION, ETC.
Name of publisher, distributor, etc. Khanna Publishers
260 ## - PUBLICATION, DISTRIBUTION, ETC.
Date of publication, distribution, etc. 2002
300 ## - PHYSICAL DESCRIPTION
Extent 900 P.,
Holdings
Withdrawn status Lost status Damaged status Not for loan Permanent Location Current Location Date acquired Cost, normal purchase price Total Checkouts Full call number Barcode Date last seen Date last checked out Price effective from Koha item type Source of classification or shelving scheme Total Renewals
        BMS College of Architecture, Design and Planning BMS College of Architecture, Design and Planning 2020-03-03 165.00 4 388.31 CL-PG41583 2025-11-10 2025-07-29 2020-03-03 PG Books from CL    
        BMS College of Architecture, Design and Planning BMS College of Architecture, Design and Planning 2021-01-12     388.31KAD AR-PG383 2021-01-12   2021-01-12 PG Books    
        BMS College of Architecture, Design and Planning BMS College of Architecture, Design and Planning 2021-01-12     388.31KAD AR-PG384 2021-01-12   2021-01-12 PG Books    
        BMS College of Architecture, Design and Planning BMS College of Architecture, Design and Planning 2021-01-12   9 388.31KAD AR-PG385 2025-07-23 2024-10-14 2021-01-12 PG Books   2
        BMS College of Architecture, Design and Planning BMS College of Architecture, Design and Planning 2021-01-12     388.31KAD AR-PG386 2021-01-12   2021-01-12 PG Books    
Copyright © 2025, The Librarian, Library and Information Centre, BMSCA D&P, Bengaluru. All Rights Reserved
web counter

Powered by Koha